000 00492nam a2200181Ia 4500
003 LDD
008 181101s9999 xx 000 0 und d
020 _c75.00
040 _cLDD
100 _aDehlavi, Khuaja Mohd. Safih
245 0 _aDelhi ka sanbhala
_cKhuaja Mohd. Safih Dehlavi
260 _aNew Delhi
_b2006
_c2006
300 _a87p.
901 _a15920
_b17-03-2017
902 _a2840
_b17-03-2017
_cF
_dPIBD
_e8U
903 _a20
_bReqst by : Mohhamed Akbar
942 _2ddc
_cUR
999 _c208
_d208